000 00637nam a2200205 a 4500
005 20241202085802.0
008 t1988||||ag f |||| 001 0 spa d
020 _a9505163208
041 _aspa
092 _c170
_l9
_sBUN
100 1 _aBunge, Mario.
_91168
245 _aÉtica y ciencia /
_cMario Bunge
250 _a3a ed.
260 _aBuenos Aires:
_bEdiciones Siglo Veinte;
_c1988.
300 _a111 p.
500 _aBunge, M. (1988). Ética y ciencia. (3a ed.). Buenos Aires : Ediciones Siglo Veinte.
590 _aProyecto 4to libro. Donación Maria Vitarelli, Diciembre 2017.
655 _aÉtica
_94221
942 _2ddc
_cBK
999 _c3207
_d3207